000 00686nam a2200253Ia 4500
003 OSt
005 20221006143216.0
006 a|||||r|||| 00| 0
007 ta
008 221006b |||||||| |||| 00| 0 eng d
020 _c475.00
024 _a8,341
037 _cTextual
040 _aEASL
_cEASL
_beng
041 _2eng
_aeng
082 _aX:97:(Z42).N84, M5
100 _aHANAMI T A
_9298328
245 0 _aLabour Law and industrial relations in Japan
260 _aNetherlands
_bKluwer Law and Taxation Publishers
_c1985
300 _a171p.
_ccm.
490 _v JEL
942 _hX:97:(Z42).N84, M5
_cTEXL
_2CC
999 _c1076427
_d1076427